000 00341pab a2200145 454500
008 180718b1984 xxu||||| |||| 00| 0 eng d
100 _aRao, C.S.
245 _aNeed to promote rural entrepreneurship
260 _c1984
300 _a21-2,27-9
362 _aDec.
650 _aEntrepreneurs - India
773 _aKurukshetra
909 _a7627
999 _c7627
_d7627